তিরমিযী শরীফ / (Record no. 6155)
[ view plain ]
| 000 -LEADER | |
|---|---|
| fixed length control field | 00785nam a2200217 a 4500 |
| 001 - CONTROL NUMBER | |
| JCCL Control Number | 6155 |
| 003 - CONTROL NUMBER IDENTIFIER | |
| JCCL marc code | BD-JhCC |
| 005 - DATE AND TIME OF LATEST TRANSACTION | |
| control field | 20220310134021.0 |
| 008 - FIXED-LENGTH DATA ELEMENTS--GENERAL INFORMATION | |
| fixed length control field | 180115s2008 bg ||||| |||| 00| 0 mul d |
| 035 ## - SYSTEM CONTROL NUMBER | |
| system control number | (BD-JhCC)6155 |
| 040 ## - CATALOGING SOURCE | |
| Original cataloging agency | BD-JhCC |
| Modifying agency | BD-JhCC |
| 041 ## - LANGUAGE CODE | |
| Language code of Book | eng |
| 082 ## - DEWEY DECIMAL CLASSIFICATION NUMBER | |
| Classification number | 297.124 |
| Author mark and Year | TIR 2008 |
| 100 ## - MAIN ENTRY--PERSONAL NAME | |
| Personal name | তিরমিযী (রঃ), আবূ ঈসা মুহাম্মদইবনে ঈসা |
| 245 ## - TITLE STATEMENT | |
| Title | তিরমিযী শরীফ / |
| Statement of responsibility, etc | আবূ ঈসা মুহাম্মদইবনে ঈসা তিরমিযী (রঃ) |
| 260 ## - PUBLICATION, DISTRIBUTION, ETC. (IMPRINT) | |
| Place of publication, distribution, etc | ঢাকা : |
| Name of publisher, distributor, etc | বাংলাদেশ তাজ কোম্পানী লিমিটেড, |
| Date of publication, distribution, etc | 2008. |
| 300 ## - PHYSICAL DESCRIPTION | |
| Pagination | 424 p. : |
| Dimensions | 26 cm. |
| 650 ## - SUBJECT ADDED ENTRY--TOPICAL TERM | |
| Topical term or geographic name as entry element | Hadith |
| 942 ## - ADDED ENTRY ELEMENTS (KOHA) | |
| Source of classification or shelving scheme | Dewey Decimal Classification |
| Koha item type | Books |
| Koha issues (borrowed), all copies | 16 |
| Source of classification or shelving scheme | volume number | Damaged status | Not for loan | Home library | Current library | Shelving location | Cost, normal purchase price | Total Checkouts | Full call number | Barcode | Date last seen | Date checked out | Copy number | Koha item type | Date of accession |
|---|---|---|---|---|---|---|---|---|---|---|---|---|---|---|---|
| Dewey Decimal Classification | V - 2 | JCC Rouf Library | JCC Rouf Library | General Stacks | 350.00 | 1 | 297.124 TIR 2008 | 424 | 04/19/2020 | 03/29/2020 | C - 1 | Books | |||
| Dewey Decimal Classification | V - 3 | JCC Rouf Library | JCC Rouf Library | General Stacks | 350.00 | 2 | 297.124 TIR 2008 | 425 | 04/20/2020 | 03/27/2020 | C - 2 | Books | |||
| Dewey Decimal Classification | V - 4 | JCC Rouf Library | JCC Rouf Library | General Stacks | 350.00 | 3 | 297.124 TIR 2008 | 426 | 03/21/2022 | 03/09/2022 | C - 3 | Books | |||
| Dewey Decimal Classification | V - 5 | JCC Rouf Library | JCC Rouf Library | General Stacks | 350.00 | 297.124 TIR 2008 | 427 | 04/20/2020 | C - 1 | Books | |||||
| Dewey Decimal Classification | V-5 | JCC Rouf Library | JCC Rouf Library | General Stacks | 280.00 | 1 | 297.124 TIR 2008 | 446 | 04/19/2020 | 03/31/2020 | C-2 | Books | 01/22/2018 | ||
| Dewey Decimal Classification | V-6 | JCC Rouf Library | JCC Rouf Library | General Stacks | 240.00 | 297.124 TIR 2008 | 447 | 01/22/2018 | C-1 | Books | 01/22/2018 | ||||
| Dewey Decimal Classification | V-1 | JCC Rouf Library | JCC Rouf Library | General Stacks | 350.00 | 3 | 297.124 TIR 2008 | 12984 | 07/08/2024 | 07/01/2024 | C-1 | Books | 03/22/2018 |